header

Stanley in space (Record no. 263861)

MARC details
000 -LEADER
fixed length control field 00471nam a22001817a 4500
003 - CONTROL NUMBER IDENTIFIER
control field OSt
005 - DATE AND TIME OF LATEST TRANSACTION
control field 20240613140220.0
008 - FIXED-LENGTH DATA ELEMENTS--GENERAL INFORMATION
fixed length control field 240613b xxu||||| |||| 00| 0 eng d
020 ## - INTERNATIONAL STANDARD BOOK NUMBER
International Standard Book Number 0439588642
040 ## - CATALOGING SOURCE
Transcribing agency DLC
050 ## - LIBRARY OF CONGRESS CALL NUMBER
Classification number PZ7
Item number .B81422 2003
100 ## - MAIN ENTRY--PERSONAL NAME
Personal name Brown, Jeff
Dates associated with a name 1926-2003
245 ## - TITLE STATEMENT
Title Stanley in space
Statement of responsibility, etc by Jeff Brown
250 ## - EDITION STATEMENT
Edition statement 1st Harper Trophy ed
260 ## - PUBLICATION, DISTRIBUTION, ETC. (IMPRINT)
Place of publication, distribution, etc New York
Name of publisher, distributor, etc HarperTrophy
Date of publication, distribution, etc 2003
300 ## - PHYSICAL DESCRIPTION
Extent 102 p
Other physical details ill;
Dimensions 20cm
942 ## - ADDED ENTRY ELEMENTS (KOHA)
Source of classification or shelving scheme Library of Congress Classification
Koha item type Long Loan Books
Holdings
Withdrawn status Lost status Source of classification or shelving scheme Damaged status Not for loan Home library Current library Shelving location Date acquired Total Checkouts Full call number Barcode Date last seen Price effective from Koha item type
    Library of Congress Classification     Rongo University Library Rongo University Library Children's Area 13/06/2024   PZ7 .B81422 2003 CL20243439 13/06/2024 13/06/2024 Long Loan Books

© 2026 Rongo University
Contact us: librarian | system librarian | Rongo university